| 000 | 00607nam a2200229Ia 4500 | ||
|---|---|---|---|
| 003 | 0100 | ||
| 008 | 130303s9999 xx 000 0 und d | ||
| 020 | _a0253205581 | ||
| 040 | _cARRUPELIB | ||
| 050 | _aB3279.H49Z552 1990 | ||
| 100 | _aZimmerman, Michael E | ||
| 245 | _aHeidegger's confrontation with modernity | ||
| 245 | _btechnology, politics, and art | ||
| 260 | _aBloomington | ||
| 260 | _bIndian University Press | ||
| 260 | _C1990 | ||
| 300 | _axxvii | ||
| 300 | _b 306p. 25cm. | ||
| 440 | _aThe Indian series in the philosophy of technology | ||
| 650 | _aPHILOSOPHY | ||
| 942 | 0 | 0 | _02 |
| 999 |
_c14976 _d14976 |
||